Chairs (Record no. 48014)

MARC details
000 -LEADER
fixed length control field 00424nam a2200181Ia 4500
008 - FIXED-LENGTH DATA ELEMENTS--GENERAL INFORMATION
fixed length control field 220805s9999 xx 000 0 und d
020 ## - INTERNATIONAL STANDARD BOOK NUMBER
International Standard Book Number 3-8228-5507-3
041 ## - LANGUAGE CODE
Language code of text/sound track or separate title eng
082 ## - DEWEY DECIMAL CLASSIFICATION NUMBER
Classification number 749.3209
100 ## - MAIN ENTRY--PERSONAL NAME
Personal name Charlotte
9 (RLIN) 87363
260 ## - PUBLICATION, DISTRIBUTION, ETC. (IMPRINT)
Place of publication, distribution, etc. Italy
Name of publisher, distributor, etc. Taschen Gmbh
Date of publication, distribution, etc. 2002
245 ## - TITLE STATEMENT
Title Chairs
250 ## - EDITION STATEMENT
Edition statement 1
300 ## - PHYSICAL DESCRIPTION
Extent 191
650 ## - SUBJECT ADDED ENTRY--TOPICAL TERM
Topical term or geographic name as entry element Chair design
9 (RLIN) 87364
650 ## - SUBJECT ADDED ENTRY--TOPICAL TERM
Topical term or geographic name as entry element Furniture
9 (RLIN) 87365
700 ## - ADDED ENTRY--PERSONAL NAME
Personal name Fiell, Peter
9 (RLIN) 87366
Holdings
Withdrawn status Lost status Damaged status Not for loan Collection code Home library Current library Date acquired Vendor Cost, normal purchase price Total Checkouts Full call number Barcode Date last seen Bill Date Koha item type Original Barcode
          Manilal Nanavati Vocational Training Institute Pune Manilal Nanavati Vocational Training Institute Pune 09/08/2022 Purchase 379.00   749.3209/CHA/B535 MNVT-BK-535 09/08/2022 09/08/2022 Books B535